Loading...
| Literature - European | 0 | 5 | 0 | 0 | 50 | 99 | 109.00 | 0 | 1 | 10.61 | 22.56 |
| History - Other | 0 | 4 | 0 | 1 | 40 | 77 | 97.75 | 0 | 1 | 9.00 | 24.50 |
| History - World | 0 | 4 | 1 | 0 | 35 | 57 | 81.25 | 0 | 2 | 15.04 | 26.17 |
| Philosophy | 0 | 3 | 0 | 0 | 30 | 97 | 109.67 | 0 | 0 | 2.48 | 7.56 |
| Fine Arts - Painting and Sculpture | 0 | 3 | 0 | 0 | 30 | 80 | 89.33 | 0 | 0 | 9.08 | 14.17 |
| Religion | 0 | 3 | 0 | 1 | 30 | 105 | 108.33 | 0 | 1 | 3.88 | 18.00 |
| History - American | 0 | 3 | 0 | 0 | 30 | 63 | 83.33 | 0 | 1 | 10.15 | 15.33 |
| Literature - American | 0 | 3 | 0 | 0 | 30 | 111 | 124.00 | 0 | 0 | 3.30 | 13.00 |
| Science - Biology | 0 | 3 | 1 | 1 | 25 | 94 | 101.00 | 0 | 0 | 3.51 | 8.44 |
| Social Science | 0 | 2 | 0 | 0 | 20 | 90 | 90.50 | 0 | 0 | 2.75 | 6.17 |
| Fine Arts - Classical Music | 0 | 2 | 0 | 0 | 20 | 123 | 124.50 | 0 | 0 | 0.97 | 3.67 |
| Fine Arts - Other | 0 | 2 | 0 | 0 | 20 | 102 | 108.00 | 0 | 0 | 4.18 | 9.83 |
| History - European | 0 | 2 | 0 | 0 | 20 | 48 | 62.50 | 1 | 1 | 9.77 | 13.33 |
| Literature - British | 0 | 2 | 0 | 0 | 20 | 119 | 130.50 | 0 | 0 | 2.93 | 9.00 |
| Literature - World | 0 | 2 | 0 | 0 | 20 | 101 | 101.50 | 0 | 0 | 5.13 | 8.33 |
| Science - Other | 0 | 2 | 0 | 0 | 20 | 37 | 64.00 | 0 | 1 | 10.37 | 13.61 |
| Mythology | 0 | 2 | 1 | 0 | 15 | 70 | 78.00 | 1 | 1 | 8.34 | 16.00 |
| Current Events | 0 | 1 | 0 | 0 | 10 | 33 | 33.00 | 0 | 1 | 24.74 | 23.33 |
| Science - Physics | 0 | 1 | 0 | 0 | 10 | 82 | 82.00 | 0 | 1 | 3.59 | 8.33 |
| Geography | 0 | 0 | 1 | 0 | -5 | 0.00 | 0 | 0 | 0.00 | 0.00 |